| 000 | 00357nam a22001577a 4500 | ||
|---|---|---|---|
| 999 |
_c7599 _d7599 |
||
| 003 | GBCCL | ||
| 005 | 20241126110632.0 | ||
| 008 | 180829b ||||| |||| 00| 0 eng d | ||
| 040 | _cGBC | ||
| 082 |
_aVER 920 _bHAT |
||
| 100 |
_aHatzaw, H S _99493 |
||
| 245 | _aAmau singam uh hi | ||
| 260 |
_aLamka: _bAuthor, _c1983. |
||
| 300 | _a86p. ; | ||
| 942 |
_2ddc _cBK |
||